000 00868nam a2200289Ia 4500
003 OSt
005 20220912151457.0
006 a|||||r|||| 00| 0
007 ta
008 220909b |||||||| |||| 00| 0 eng d
024 _a26549
037 _cTextual
040 _aCSL
_beng
_cCSL
041 _aeng
082 _aC21,8p1,N90, N1
100 _aHaydock R Ed.
111 _aProceedings of a Royal Society discussion meeting on bonding and structure of solids (1990 : London)
245 0 _aBonding and structure of solids
260 _aLondon
_bRoyal Society
_c1991
300 _a556p.
_ccm.
650 _a Diffusion
650 _aSolid state
700 _a Inglesfield J E Ed.
700 _a Pendry J B Ed.
942 _hC21,8p1,N90, N1
_cTEXL
_2CC
999 _c69378
_d69378